Top 25 des consoles les plus vendues de tous les temps - Statistiques

Statistiques générales
  • Ce quiz a été pris 203 fois
  • Le résultat moyen est 17 sur 25
Statistiques - réponses
Date de sortie Nombre de ventes (en million) Console (modèle) % Correct
2013 117,2 PlayStation 4
99%
2006 87,4 PlayStation 3
98%
2000 155,0 PlayStation 2
97%
2001 24,65 Xbox
96%
1994 102,4 PlayStation
95%
2020 50,00 PlayStation 5
95%
2004 154,02 Nintendo DS
90%
2006 101,63 Wii
90%
2005 84 Xbox 360
81%
1989 118,69 Game Boy/Game Boy Color
80%
2017 139,36 Nintendo Switch
78%
2012 13,56 Wii U
78%
2013 51 Xbox One
77%
2004 80 PlayStation Portable / PSP
70%
2001 21,74 GameCube
69%
2011 75,94 Nintendo 3DS
69%
2020 21 Xbox Series
59%
1983 61,91 Nintendo Entertainment System / NES
50%
1996 32,93 Nintendo 64
48%
2001 81,51 Game Boy Advance
38%
1988 34,06 Mega Drive
36%
1990 49,10 Super Nintendo
34%
1977 27,64 Atari 2600
27%
1986 13,0 Master System
23%
2011 15 PlayStation Vita / PSP Vita
21%
Aucun quiz correspondant
Distribution des résultats
% des personnes avec chaque résultat
Percentile par nombre de réponses
Votre historique - résultats
Vous n’avez pas pris ce quiz